Central Library OPAC University of Rajshahi

Annual survey of organometallic chemistry / (Record no. 54236)

MARC details
000 -LEADER
fixed length control field 01112nas a2200325 a 4500
001 - CONTROL NUMBER
control field 54236
003 - CONTROL NUMBER IDENTIFIER
rucl marc code BD-RjUL
005 - DATE AND TIME OF LATEST TRANSACTION
control field 20211209080106.0
008 - FIXED-LENGTH DATA ELEMENTS--GENERAL INFORMATION
fixed length control field 160311s1965 ny ar 0 0eng c
035 ## - SYSTEM CONTROL NUMBER
System control number (BD-RjUL)54358
040 ## - CATALOGING SOURCE
Language of cataloging eng
Modifying agency BD-RjUL
Original cataloging agency BD-RjUL
Transcribing agency BD-RjUL
041 ## - LANGUAGE CODE
Language code of text/sound track or separate title eng
082 04 - DEWEY DECIMAL CLASSIFICATION NUMBER
Edition number 23
Classification number 547.05
Author mark and year SEA 1965
100 ## - MAIN ENTRY--PERSONAL NAME
Personal name Seyferth, Dietmar .
9 (RLIN) 161858
245 00 - TITLE STATEMENT
Title Annual survey of organometallic chemistry /
Statement of responsibility, etc. Dietmar Seyferth; Bruce R King
246 18 - VARYING FORM OF TITLE
Title proper/short title Annual surveys of organometallic chemistry
260 ## - PUBLICATION, DISTRIBUTION, ETC. (IMPRINT)
Place of publication, distribution, etc. Amsterdam ;
-- New York :
Name of publisher, distributor, etc. Elsevier Pub. Co.,
Date of publication, distribution, etc. 1965
300 ## - PHYSICAL DESCRIPTION
Pagination v. :
Illustrations illu. ;
Size 24 cm
500 ## - GENERAL NOTE
General note Editors: D. Seyferth and B.R. King.
505 ## - FORMATTED CONTENTS NOTE
Formatted contents note Vol..I ....
650 #0 - SUBJECT ADDED ENTRY--TOPICAL TERM
Topical term or geographic name as entry element Organometallic compounds
Form subdivision Periodicals.
9 (RLIN) 161859
Topical term or geographic name as entry element Organometallic compounds.
9 (RLIN) 161860
Topical term or geographic name as entry element Metallorganische Verbindungen.
Source of heading or term gnd
9 (RLIN) 161861
Topical term or geographic name as entry element Metallorganische Verbindungen.
Source of heading or term swd
9 (RLIN) 161861
Topical term or geographic name as entry element Literaturbericht.
Source of heading or term swd
9 (RLIN) 161862
700 1# - ADDED ENTRY--PERSONAL NAME
Personal name King, Bruce R.
942 ## - ADDED ENTRY ELEMENTS (KOHA)
Source of classification or shelving scheme Dewey Decimal Classification
Koha item type Books
Holdings
Lost status Source of classification or shelving scheme Damaged status Not for loan Collection code Permanent Location Current Location Shelving location Date acquired Source of acquisition Cost, normal purchase price Total Checkouts Full call number Date last seen Copy number Koha item type
  Dewey Decimal Classification     Non-fiction Central Library, University of Rajshahi Central Library, University of Rajshahi   04/09/1968 Books view, Dhaka 97.50   547.05 SEA V-1 1965 03/11/2016 C-2 Books